01595nam a22003257a 450000100060000000300090000600500170001500700060003200800340003802000150007204000220008708200280010911100870013724501180022426000790034230000160042150400190043750501010045659000260055765000560058365000610063970000380070071000610073891000410079994200120084095201340085295201340098695201340112099900150125433637DO-SdBNP20230329131040.033637920227s1989 sp | |||| ||spa  a8478500162 aBPMSUbspacBPMSU 4a323.352bC749b 19892222 aCongreso Internacional Infancia y Sociedad n(1:d1989 : 20-23 noviembrecMadrid )10aBienestar y derechos sociales de la infancia /cedición coordinada y revisada por José Sánchez Cervantesb  aMadrid :bDirección General de Protección Jurídica del Menor,c1991. a3 v.c26 cm aBibliografía0 gv. 1 : gv. 2-3 : t Conferencias plenarias gv. 2-3 : t Ponencias y comunicaciones área 5 -8 6Inventariado, 2023/VM 4aNiños xDerechos vCongresos, conferencias, etc.  4aProtección de menores vCongresos, conferencias, etc. 1 aSánchez Cervantes, Joséeed. 2 aDirección General de Protección Jurídica del Menor aVMateo V. Control de calidad (BPMSU) 2ddccBK 00102ddc40708CGaBPMETbBPMETd2015-11-16eFUNDIoBPMSU CG 323.352 C749b 1989pBPMSU15110279r2015-11-16tv.1w2015-11-16yBK 00102ddc40708CGaBPMETbBPMETd2015-11-16eFUNDIoBPMSU CG 323.352 C749b 1989pBPMSU15110280r2015-11-16tv.2w2015-11-16yBK 00102ddc40708CGaBPMETbBPMETd2015-11-16eFUNDIoBPMSU CG 323.352 C749b 1989pBPMSU15110281r2015-11-16tv.3w2015-11-16yBK c8723d8723